000 00199 a2200097 4500
001 47209
100 _aChristian, S
245 _aBurma
260 _aBombay
_bThacker & Co.
_c
090 _c30261
_d30261
942 _aNUST-CAE
_cM
_c22516
999 _c282282
_d282282